<?xml version="1.0" encoding="UTF-8"?>
<marc:record xmlns:marc="http://www.loc.gov/MARC21/slim">
   <marc:leader>00000nam a2200000 a 4500</marc:leader>
   <marc:datafield ind1="1" ind2=" " tag="100">
      <marc:subfield code="a">Chaline, Eric</marc:subfield>
      <marc:subfield code="4">aut</marc:subfield>
      <marc:subfield code="e">Verfasser/-in</marc:subfield>
   </marc:datafield>
   <marc:datafield ind1=" " ind2=" " tag="653">
      <marc:subfield code="a">Geschichte</marc:subfield>
   </marc:datafield>
   <marc:datafield ind1=" " ind2=" " tag="653">
      <marc:subfield code="a">Tiere</marc:subfield>
   </marc:datafield>
   <marc:datafield ind1=" " ind2=" " tag="653">
      <marc:subfield code="a">Mensch</marc:subfield>
   </marc:datafield>
   <marc:datafield ind1=" " ind2=" " tag="653">
      <marc:subfield code="a">Kultur</marc:subfield>
   </marc:datafield>
   <marc:datafield ind1=" " ind2=" " tag="653">
      <marc:subfield code="a">Softcover / Biologie/Zoologie</marc:subfield>
   </marc:datafield>
   <marc:datafield ind1="0" ind2="0" tag="245">
      <marc:subfield code="a">50 Tiere, die unsere Welt veränderten</marc:subfield>
   </marc:datafield>
   <marc:datafield ind1="0" ind2="0" tag="245">
      <marc:subfield code="c">Eric Chaline. Übers. von Monika Niehaus und Coralie Wink</marc:subfield>
   </marc:datafield>
   <marc:datafield ind1=" " ind2="1" tag="264">
      <marc:subfield code="a">Bern</marc:subfield>
      <marc:subfield code="b">Haupt</marc:subfield>
      <marc:subfield code="c">2014</marc:subfield>
   </marc:datafield>
   <marc:datafield ind1="1" ind2=" " tag="490">
      <marc:subfield code="a">Haupt Natur</marc:subfield>
   </marc:datafield>
   <marc:datafield ind1="1" ind2=" " tag="520">
      <marc:subfield code="a">Angaben aus der Verlagsmeldung

50 Tiere, die unsere Welt veränderten / von Eric Chaline

Lebendige Geschichte – 50 Tierarten, die den Fortschritt der menschlichen Zivilisation entscheidend beeinflussten.

Bibliophile Ausgabe in Halbleinen – ein ideales Geschenk für Tierfreunde und historisch Interessierte.

Die gemeinsame Geschichte von Menschen und Tieren ist verschlungen und reicht weit zurück. Schafe liefern uns Wolle, Kühe nähren uns mit Milch und Fleisch, Katzen leisten Gesellschaft, Bienen bestäuben Pflanzen und versorgen uns nebenbei mit Honig. Aber wem ist bewusst, dass ohne Regenwürmer ein Leben auf der Erde nicht möglich wäre? Dass auch die Laus einen Beitrag zur Französischen Revolution geleistet hat? Oder dass wir viele unserer medizinischen Fortschritte einer kleinen Fliege zu verdanken haben?

Eric Chaline unternimmt eine Zeitreise quer durch alle Kontinente und präsentiert 50 Tierarten, die unsere Zivilisation entscheidend geprägt haben. Mit Hinweisen auf Geschichte, Kunst, Literatur und Forschung öffnet dieses reich illustrierte Buch den Blick für eine erstaunliche Welt.
</marc:subfield>
   </marc:datafield>
   <marc:datafield ind1=" " ind2=" " tag="020">
      <marc:subfield code="a">9783258078557</marc:subfield>
      <marc:subfield code="9">9783258078557</marc:subfield>
   </marc:datafield>
   <marc:datafield ind1=" " ind2=" " tag="041">
      <marc:subfield code="a">ger</marc:subfield>
   </marc:datafield>
   <marc:datafield ind1=" " ind2=" " tag="300">
      <marc:subfield code="a">223 S.</marc:subfield>
   </marc:datafield>
</marc:record>
